[Event "Hastings Masters 2025-26"]
[Site "Hastings ENG"]
[Date "2025.12.29"]
[Round "2.18"]
[White "Blanquet, Camille"]
[Black "Rastogi, Nayan Keats"]
[Result "1/2-1/2"]
[WhiteTitle "WFM"]
[WhiteElo "2132"]
[BlackElo "1939"]
[WhiteFideId "36037354"]
[BlackFideId "343407579"]
[EventDate "2025.12.28"]

1. d4 Nf6 2. c4 e6 3. Nf3 d5 4. Nc3 Bb4 5. Qa4+ Nc6 6. a3 Bxc3+ 7. bxc3 Bd7 8.
cxd5 exd5 9. Bg5 O-O 10. e3 h6 11. Bh4 b6 12. Qc2 Na5 13. Ne5 Be6 14. Bd3 c5 15.
O-O cxd4 16. exd4 Nc4 17. Nxc4 dxc4 18. Be4 Bd5 19. Bxd5 Qxd5 20. Bxf6 gxf6 21.
Rae1 Rfe8 22. Qa4 Re6 23. Rxe6 fxe6 24. Re1 Kf7 25. Re3 a5 26. Rg3 Rg8 27. Rxg8
Kxg8 28. Qe8+ Kg7 29. h4 h5 30. Qe7+ Kg6 31. Qc7 Qe4 32. Qxc4 Qe1+ 33. Kh2 Qxf2
34. Qxe6 Qxh4+ 35. Kg1 Qf4 36. Qe1 Qd6 37. Qe4+ Kg7 38. a4 Qg3 39. c4 Qb3 40. d5
Qxa4 41. Qd4 Kf7 42. Qxb6 Qxc4 43. Qxa5 Ke7 44. Qe1+ Kd8 45. Qe6 Qd4+ 46. Kf1
Qe5 47. Qb6+ Kd7 48. Qc6+ Ke7 49. Qb7+ Kd6 50. Qc6+ Ke7 51. Qc5+ Kd7 52. Kf2
Qf4+ 53. Kg1 Qe5 54. Qc6+ Ke7 55. Qc5+ Kd7 56. Qc6+ 1/2-1/2

[Event "Hastings Masters 2025-26"]
[Site "Hastings ENG"]
[Date "2025.12.29"]
[Round "2.19"]
[White "Gorskovs, Andrejs"]
[Black "Janse, Jan Jaap"]
[Result "1/2-1/2"]
[WhiteElo "1920"]
[BlackElo "2170"]
[WhiteFideId "343426751"]
[BlackFideId "1010344"]
[EventDate "2025.12.28"]

1. e4 d5 2. exd5 Qxd5 3. Nc3 Qd6 4. d4 a6 5. g3 Nf6 6. Bf4 Qd8 7. Bg2 Bg4 8. Qd2
c6 9. h3 Bh5 10. g4 Bg6 11. O-O-O e6 12. Nge2 Nd5 13. h4 h6 14. Kb1 Bb4 15. Bxd5
cxd5 16. Qe3 Nc6 17. h5 Bh7 18. g5 hxg5 19. Bxg5 Be7 20. Bxe7 Qxe7 21. Nf4 O-O-O
22. Na4 Qb4 23. b3 Kb8 24. Rhg1 Rc8 25. Rxg7 Qf8 26. Qg3 Ka7 27. Rd2 Qa3 28. Qc3
Nb4 29. Qb2 Nxc2 30. Rxh7 Rxh7 31. Rxc2 Qxb2+ 32. Nxb2 Rg8 33. Nbd3 Kb6 34. Kb2
Rg4 35. b4 Rh6 36. f3 Rh4 37. Rg2 Rf6 38. Rg4 Rh2+ 39. Kb3 Kc7 40. a4 Kd6 41. b5
axb5 42. axb5 b6 43. Rg1 Rh4 44. Rg4 Rh2 45. Ne5 Rh1 46. Nfd3 Rxh5 47. Rg8 Kc7
48. Ra8 Rh3 49. Ra7+ Kc8 50. Rxf7 Rxf7 51. Nxf7 Rxf3 52. Ne5 Rh3 53. Kc3 Kc7 54.
Kd2 Rh2+ 55. Ke3 Ra2 56. Nc6 Kd6 57. Kf4 Ra3 58. Ndb4 Ra1 59. Kg5 Rf1 60. Kg6
Rf3 61. Kg7 Rf4 62. Nd3 Rf3 63. Nde5 Rb3 64. Kf8 Rxb5 65. Ke8 Ra5 66. Nd8 Ra1
67. Nef7+ Kc7 68. Nxe6+ Kc6 69. Ke7 b5 70. Ne5+ Kb6 71. Kd6 b4 72. Nc5 Rd1 73.
Kxd5 Kb5 74. Ncd3 b3 75. Ke6 b2 76. Nxb2 Rxd4 1/2-1/2

[Event "Hastings Masters 2025-26"]
[Site "Hastings ENG"]
[Date "2025.12.29"]
[Round "2.20"]
[White "Burrows, Martin P"]
[Black "Rubeck, Jonathan"]
[Result "1/2-1/2"]
[WhiteElo "2117"]
[BlackElo "1913"]
[WhiteFideId "409057"]
[BlackFideId "435678"]
[EventDate "2025.12.28"]

1. e4 e6 2. d4 d5 3. Nc3 Nf6 4. e5 Nfd7 5. f4 c5 6. Nf3 Nc6 7. Be3 a6 8. Qd2 b5
9. a3 Qb6 10. Ne2 cxd4 11. Nexd4 Nxd4 12. Nxd4 Qc7 13. Bd3 Bb7 14. O-O g6 15.
Rae1 Bg7 16. h4 Nc5 17. h5 Ne4 18. Bxe4 dxe4 19. Qf2 Bd5 20. Qh4 Qe7 21. Qh3 f5
22. exf6 Bxf6 23. Rd1 Rd8 24. Qg4 Rg8 25. h6 g5 26. Qh5+ Kd7 27. f5 Kc7 28. fxe6
Bxe6 29. Nxe6+ Qxe6 30. Rxd8 Kxd8 31. b3 Rg6 32. Rd1+ Kc8 33. c4 bxc4 34. bxc4
Be5 35. Rd5 Qf5 36. Rc5+ Kb7 37. Qd1 Rd6 38. Qb3+ Ka8 39. Rc7 Rd1+ 40. Qxd1 Bxc7
41. Qd4 Bb8 42. c5 g4 43. Qc4 Qe5 44. Qxa6+ Ba7 45. c6 Qa1+ 46. Kf2 g3+ 47. Kxg3
Qe1+ 48. Kg4 Qd1+ 49. Kg3 Qe1+ 50. Kg4 Qd1+ 51. Kg3 1/2-1/2

[Event "Hastings Masters 2025-26"]
[Site "Hastings ENG"]
[Date "2025.12.29"]
[Round "2.21"]
[White "Norinkeviciute, Rasa"]
[Black "Adams, Henry"]
[Result "0-1"]
[WhiteTitle "WFM"]
[WhiteElo "1904"]
[BlackElo "2159"]
[WhiteFideId "12801925"]
[BlackFideId "464562"]
[EventDate "2025.12.28"]

1. e4 e5 2. Nf3 Nc6 3. Bb5 a6 4. Ba4 Nf6 5. O-O Be7 6. Re1 b5 7. Bb3 O-O 8. h3
d6 9. c3 Nb8 10. d4 Nbd7 11. Nbd2 Bb7 12. a4 h6 13. Qe2 Rb8 14. axb5 axb5 15.
Bc2 Re8 16. Bd3 b4 17. Nf1 d5 18. Nxe5 dxe4 19. Bc4 Nxe5 20. dxe5 Nd5 21. Ng3
Bg5 22. Nxe4 Rxe5 23. Bxg5 hxg5 24. Qd2 Nb6 25. Qd3 Qe7 26. f3 Bxe4 27. fxe4
Qc5+ 28. Qd4 Nxc4 0-1

[Event "Hastings Masters 2025-26"]
[Site "Hastings ENG"]
[Date "2025.12.29"]
[Round "2.22"]
[White "Both, Bert"]
[Black "Fryer, David W"]
[Result "0-1"]
[WhiteElo "2102"]
[BlackElo "1902"]
[WhiteFideId "1014340"]
[BlackFideId "406384"]
[EventDate "2025.12.28"]

1. Nf3 Nf6 2. c4 e6 3. d4 b6 4. g3 Bb7 5. Bg2 Be7 6. O-O O-O 7. d5 exd5 8. Nh4
c6 9. cxd5 Nxd5 10. Nf5 Nf6 11. e4 d6 12. Nc3 Bc8 13. Nd4 Bd7 14. Bf4 a6 15. Qe2
Ra7 16. Rad1 Ne8 17. e5 c5 18. Nc2 dxe5 19. Bxe5 Bf6 20. Nd5 Bxe5 21. Qxe5 Nc6
22. Qf4 Nc7 23. Nxc7 Rxc7 24. Rd6 Qc8 25. Rfd1 Be6 26. Qe4 Bf5 27. Qe2 Bxc2 28.
Qxc2 Nd4 29. Qa4 Qg4 30. Qxa6 Qxd1+ 0-1

[Event "Hastings Masters 2025-26"]
[Site "Hastings ENG"]
[Date "2025.12.29"]
[Round "2.23"]
[White "Anjulan, Ashwin"]
[Black "Hill, Alistair"]
[Result "0-1"]
[WhiteElo "1876"]
[BlackElo "2104"]
[WhiteFideId "343411622"]
[BlackFideId "432407"]
[EventDate "2025.12.28"]

1. e4 c6 2. d4 d5 3. exd5 cxd5 4. Bd3 Nc6 5. c3 Nf6 6. Bf4 Bg4 7. Qb3 Qd7 8. Nd2
e6 9. Ngf3 Bd6 10. Bxd6 Qxd6 11. O-O O-O 12. Rae1 Rfb8 13. Ne5 b5 14. Qc2 Bh5
15. b4 Rc8 16. Qb2 Rab8 17. Nb3 Bg6 18. Qe2 Bxd3 19. Qxd3 Ne4 20. Nxc6 Qxc6 21.
Nc5 a5 22. a3 Ra8 23. Nxe4 dxe4 24. Rxe4 Qxc3 25. Qxb5 Qxa3 26. bxa5 Qxa5 27.
Qxa5 Rxa5 28. Rd1 h6 29. Re5 Ra2 30. Ree1 Rcc2 31. Rf1 Rd2 32. g3 g5 33. Kg2 g4
34. h3 h5 35. hxg4 hxg4 36. Rxd2 Rxd2 37. Re1 Rxd4 38. Re2 Kg7 39. f3 Kf6 40.
fxg4 Rxg4 41. Kf3 Ra4 42. g4 Ra1 43. Rb2 Kg6 44. Rb5 Ra3+ 45. Kf4 f6 46. Rb8 e5+
47. Ke4 Rg3 48. Rb6 Rxg4+ 49. Kf3 Ra4 50. Rc6 Kf5 51. Rc3 Rh4 52. Kg3 Rd4 53.
Kf3 Rd3+ 54. Rxd3 e4+ 55. Ke3 exd3 56. Kxd3 Kf4 57. Ke2 Kg3 0-1

[Event "Hastings Masters 2025-26"]
[Site "Hastings ENG"]
[Date "2025.12.29"]
[Round "2.24"]
[White "Siddharth, Gopakumar"]
[Black "Rida, Ruqayyah"]
[Result "1/2-1/2"]
[BlackTitle "WFM"]
[WhiteElo "1864"]
[BlackElo "2068"]
[WhiteFideId "5053463"]
[BlackFideId "343272375"]
[EventDate "2025.12.28"]

1. e4 e5 2. Nf3 Nc6 3. Bb5 a6 4. Bxc6 dxc6 5. O-O Bd6 6. d4 Bg4 7. dxe5 Bxf3 8.
Qxf3 Bxe5 9. Qb3 Rb8 10. Nd2 Nf6 11. Nf3 Qe7 12. Nxe5 Qxe5 13. f3 O-O 14. Rd1 b5
15. Be3 Rfd8 16. c3 Qe7 17. Rxd8+ Rxd8 18. Rd1 Nd5 19. Bf2 Nf4 20. Qc2 Rd6 21.
g3 Ng6 22. Kg2 Qe6 23. Bc5 Rd7 24. Rd2 Ne5 25. Qd1 g5 26. b3 g4 27. f4 Rxd2+ 28.
Qxd2 Nd7 29. Qd4 Nxc5 30. Qd8+ Kg7 31. Qg5+ Qg6 32. Qe5+ Kg8 33. Qe8+ Kg7 34.
Qe5+ Kg8 35. Qe8+ Kg7 1/2-1/2

[Event "Hastings Masters 2025-26"]
[Site "Hastings ENG"]
[Date "2025.12.29"]
[Round "2.25"]
[White "Hu, Junyan"]
[Black "Tudoroiu, Razvan-Catalin"]
[Result "1-0"]
[WhiteElo "1862"]
[BlackElo "2063"]
[WhiteFideId "343401260"]
[BlackFideId "1281100"]
[EventDate "2025.12.28"]

1. e4 e6 2. d4 d5 3. e5 c5 4. c3 Nc6 5. Nf3 Bd7 6. Be2 Nge7 7. O-O Ng6 8. g3 Be7
9. h4 cxd4 10. cxd4 O-O 11. h5 Nh8 12. Nc3 a6 13. Be3 f6 14. exf6 Bxf6 15. Kg2
Be8 16. Rh1 Nf7 17. Bd3 Ng5 18. Nxg5 Bxg5 19. Qg4 Bxe3 20. Qxe6+ Bf7 21. Qxe3
Qb6 22. Rad1 Rae8 23. Qg5 Qxb2 24. h6 g6 25. Qf6 1-0

[Event "Hastings Masters 2025-26"]
[Site "Hastings ENG"]
[Date "2025.12.29"]
[Round "2.26"]
[White "White, Stuart A"]
[Black "Liu, Yiyi"]
[Result "1-0"]
[WhiteElo "2072"]
[BlackElo "1791"]
[WhiteFideId "407747"]
[BlackFideId "8617171"]
[EventDate "2025.12.28"]

1. d4 d5 2. c4 c5 3. cxd5 Qxd5 4. e3 cxd4 5. Nc3 Qa5 6. exd4 Nf6 7. Nf3 e6 8.
Bd3 Be7 9. O-O O-O 10. Re1 Nc6 11. Bf4 Nb4 12. Bb1 Bd7 13. Ne5 Rfd8 14. a3 Nbd5
15. Bd2 Nxc3 16. bxc3 Ba4 17. Qf3 Qc7 18. Qh3 g6 19. Nxf7 Kxf7 20. Qxe6+ Ke8 21.
Qxf6 Qd6 22. Re6 Qc7 23. Bg5 Rd7 24. Bxg6+ hxg6 25. Qxg6+ 1-0

[Event "Hastings Masters 2025-26"]
[Site "Hastings ENG"]
[Date "2025.12.29"]
[Round "2.27"]
[White "Bharat Kumar, Balahari"]
[Black "Oh, Sejun"]
[Result "1-0"]
[WhiteElo "2068"]
[BlackElo "1695"]
[WhiteFideId "496464"]
[BlackFideId "13216112"]
[EventDate "2025.12.28"]

1. d4 d5 2. c4 c6 3. Nf3 e6 4. e3 Nf6 5. Nbd2 Nbd7 6. b3 Bd6 7. Bb2 O-O 8. Bd3
Re8 9. Ne5 c5 10. f4 b6 11. O-O Bb7 12. Qc2 Nf8 13. Rae1 N6d7 14. Qd1 f6 15.
Nxd7 Qxd7 16. Qg4 f5 17. Qe2 Qf7 18. Nf3 Nd7 19. Ng5 Qe7 20. cxd5 Bxd5 21. e4
fxe4 22. Nxe4 cxd4 23. Bxd4 Bb4 24. Nc3 Bxc3 25. Bxc3 Qc5+ 26. Qe3 Qxe3+ 27.
Rxe3 Nc5 28. Bb1 Rac8 29. Rfe1 Rf8 30. g3 g6 31. Bb2 Rf7 32. Rc1 a5 33. Be5 Rd8
34. Bd4 Rc8 35. Rec3 Rfc7 36. Bd3 Kf7 37. Bb5 Bc6 38. Bxc6 Rxc6 39. a3 Nxb3 40.
Rxc6 Rxc6 41. Rxc6 Nxd4 42. Rxb6 Kf6 43. Kf2 Kf5 44. Ra6 Nb3 45. Ke3 h5 46. Rb6
a4 47. Rb4 Kg4 48. Rxa4 Kh3 49. Rb4 Nc5 50. Rb2 Na4 51. Rc2 h4 52. gxh4 Kxh4 53.
Ke4 1-0

[Event "Hastings Masters 2025-26"]
[Site "Hastings ENG"]
[Date "2025.12.29"]
[Round "2.28"]
[White "Gordon, Stephen J"]
[Black "Sivanandan, Bodhana"]
[Result "1-0"]
[WhiteTitle "GM"]
[BlackTitle "WIM"]
[WhiteElo "2465"]
[BlackElo "2229"]
[WhiteFideId "411477"]
[BlackFideId "497592"]
[EventDate "2025.12.28"]

1. d4 d5 2. c4 c6 3. Nf3 Nf6 4. e3 Bg4 5. h3 Bxf3 6. Qxf3 e6 7. Bd3 Bb4+ 8. Nc3
Nbd7 9. O-O O-O 10. Qd1 Re8 11. Qb3 Bxc3 12. bxc3 Qc7 13. Rb1 b6 14. cxd5 cxd5
15. c4 dxc4 16. Bxc4 Ne4 17. Rb2 Nd6 18. Bd3 Rac8 19. Ba6 Rcd8 20. Rc2 Qb8 21.
Ba3 Nf6 22. Rfc1 Re7 23. Rc6 Nfe8 24. R1c3 Rc7 25. Qc2 Rxc6 26. Rxc6 h5 27. Bb4
Rd7 28. a4 Qd8 29. Be2 h4 30. e4 Rc7 31. d5 exd5 32. exd5 Re7 33. Bf3 Re5 34.
Bc3 Re7 35. Qd3 Qd7 36. Qd4 Nf5 37. Qg4 Nfd6 38. Qxh4 Qd8 39. Qf4 Nb7 40. h4 Nc5
41. h5 1-0

[Event "Hastings Masters 2025-26"]
[Site "Hastings ENG"]
[Date "2025.12.29"]
[Round "2.29"]
[White "Grutter, Tim"]
[Black "Kapechun, Mikhailo"]
[Result "1-0"]
[WhiteTitle "IM"]
[WhiteElo "2397"]
[BlackElo "2184"]
[WhiteFideId "1057472"]
[BlackFideId "34147527"]
[EventDate "2025.12.28"]

1. e4 c5 2. Nf3 Nc6 3. d4 cxd4 4. Nxd4 Qb6 5. Nb3 g6 6. Be3 Qb4+ 7. N1d2 Bg7 8.
c3 Qd6 9. Be2 Nf6 10. f4 Qc7 11. g4 h5 12. g5 Ng4 13. Bxg4 hxg4 14. Qxg4 d5 15.
Qe2 dxe4 16. Nxe4 Bd7 17. O-O-O O-O-O 18. Nbc5 Bf5 19. Ng3 Bh3 20. Rxd8+ Rxd8
21. Rd1 Rxd1+ 22. Qxd1 b6 23. Nb3 Qd7 24. Nd4 Qd5 25. Nxc6 Qxc6 26. Bd4 Bxd4 27.
Qxd4 Be6 28. b3 Qf3 29. Qd2 Bg4 30. Kb2 Kc7 31. Ka3 Be6 32. Qd4 Qg2 33. Qe5+ Kc8
34. f5 Bxf5 35. Nxf5 gxf5 36. Qxf5+ Kd8 37. h4 Qd2 38. Qe5 Qc1+ 39. Kb4 Kd7 40.
Qd5+ Kc7 41. Qxf7 a5+ 42. Kb5 Qa3 43. Qc4+ 1-0

[Event "Hastings Masters 2025-26"]
[Site "Hastings ENG"]
[Date "2025.12.29"]
[Round "2.30"]
[White "Skytte, Rasmus"]
[Black "Verbin, Valentina"]
[Result "1/2-1/2"]
[WhiteTitle "IM"]
[BlackTitle "WFM"]
[WhiteElo "2354"]
[BlackElo "2122"]
[WhiteFideId "1404210"]
[BlackFideId "13905910"]
[EventDate "2025.12.28"]

1. d4 Nf6 2. Bg5 d5 3. Nd2 g6 4. e3 Bg7 5. c3 O-O 6. Bd3 c5 7. f4 Qb6 8. Rb1 Qe6
9. Qe2 Ng4 10. f5 gxf5 11. Ngf3 cxd4 12. cxd4 Qg6 13. h3 Nf6 14. O-O Nc6 15. Bf4
Ne4 16. Nh4 Qf6 17. Nhf3 Qg6 18. Nh4 Qf6 19. Nhf3 Qg6 1/2-1/2

[Event "Hastings Masters 2025-26"]
[Site "Hastings ENG"]
[Date "2025.12.29"]
[Round "2.31"]
[White "Ashton, Adam G"]
[Black "Brown, Thomas"]
[Result "1-0"]
[WhiteTitle "FM"]
[WhiteElo "2247"]
[BlackElo "2082"]
[WhiteFideId "410110"]
[BlackFideId "1801430"]
[EventDate "2025.12.28"]

1. e4 c5 2. Nf3 g6 3. c3 Bg7 4. d4 cxd4 5. cxd4 d5 6. e5 a6 7. Be2 Nc6 8. h3 f6
9. Bf4 fxe5 10. dxe5 Nh6 11. Bd3 O-O 12. Bh2 e6 13. O-O Nb4 14. Nc3 Bd7 15. Re1
Nxd3 16. Qxd3 Rc8 17. Re2 Nf5 18. Rd1 d4 19. Nxd4 Nxd4 20. Qxd4 Bc6 21. Qxd8
Rcxd8 22. Red2 Rxd2 23. Rxd2 h5 24. Bg3 g5 25. f3 Rf5 26. Re2 Kf8 27. a3 Ke7 28.
Kf2 g4 29. hxg4 hxg4 30. f4 Bh6 31. Bh4+ Kd7 32. g3 Bf3 33. Rd2+ Kc6 34. Rd6+
Kc7 35. Bd8+ Kc8 36. Bb6 Rf8 37. Rxe6 Rh8 38. Rd6 Bg7 39. Ke3 Re8 40. Kd4 Bf8
41. Rg6 Be7 42. Ne4 Rh8 43. Rg7 1-0

[Event "Hastings Masters 2025-26"]
[Site "Hastings ENG"]
[Date "2025.12.29"]
[Round "2.32"]
[White "Demac, Elias"]
[Black "Clarke, Connor"]
[Result "1-0"]
[WhiteElo "2230"]
[BlackElo "2058"]
[WhiteFideId "1505807"]
[BlackFideId "457655"]
[EventDate "2025.12.28"]

1. d4 d5 2. Nf3 Nf6 3. g3 Bf5 4. Bg2 e6 5. O-O h6 6. c4 c6 7. Nc3 Be7 8. Qb3 Qb6
9. c5 Qc7 10. Bf4 Qc8 11. Qd1 Nbd7 12. Ne1 g5 13. Bd2 e5 14. e3 b6 15. cxb6 axb6
16. Rc1 Qb8 17. dxe5 Nxe5 18. f4 gxf4 19. Rxf4 Be6 20. Qe2 h5 21. e4 d4 22. Nd5
cxd5 23. exd5 Bg4 24. Nf3 Nfd7 25. h3 Bxf3 26. Bxf3 Qd6 27. Rxd4 h4 28. Bf4 Qf6
29. Re4 Nxf3+ 30. Qxf3 Kf8 31. d6 Bxd6 32. Bxd6+ Qxd6 33. Rxh4 Ke7 34. Re1+ Ne5
35. Rxe5+ Qxe5 36. Re4 f6 37. Rxe5+ fxe5 38. Qb7+ Ke6 39. Qxb6+ Kf5 40. Qf2+ Ke4
41. Qe2+ Kd4 42. a4 Rac8 43. Kg2 e4 44. Qd2+ Ke5 45. h4 Rhd8 46. Qf4+ Kd4 47.
Qd2+ Ke5 48. Qf2 Rf8 49. Qb6 Rc2+ 50. Kh3 Rff2 51. b4 Kf5 52. Qb5+ Ke6 53. Kg4
Rf3 54. a5 Rcc3 55. Qb8 Rfd3 56. a6 e3 57. a7 e2 58. a8=Q Rxg3+ 59. Kh5 e1=Q 60.
Qe8+ Kf5 61. Qf7+ Ke5 62. Qad5# 1-0

[Event "Hastings Masters 2025-26"]
[Site "Hastings ENG"]
[Date "2025.12.29"]
[Round "2.33"]
[White "Balzer, Lars"]
[Black "Swiatkowski, Aram"]
[Result "1/2-1/2"]
[WhiteElo "2026"]
[BlackElo "1843"]
[WhiteFideId "4646452"]
[BlackFideId "343415210"]
[EventDate "2025.12.28"]

1. d4 Nf6 2. Nf3 d5 3. Bf4 c5 4. e3 Bf5 5. c3 Qb6 6. Qb3 c4 7. Qxb6 axb6 8. Nh4
Bxb1 9. Rxb1 Nc6 10. a3 e6 11. Nf3 Ne4 12. Nd2 Nxd2 13. Kxd2 Kd7 14. e4 f6 15.
exd5 exd5 16. Be2 Bd6 17. Bg4+ Kc7 18. Bg3 h5 19. Be6 h4 20. Bxd6+ Kxd6 21. Rbe1
g6 22. Re3 f5 23. Bf7 Raf8 24. Bxg6 Rhg8 25. Bh5 Rxg2 26. Re2 Rfg8 1/2-1/2

[Event "Hastings Masters 2025-26"]
[Site "Hastings ENG"]
[Date "2025.12.29"]
[Round "2.34"]
[White "Sow, MiaoGeng Malcolm"]
[Black "Ortiz Sanchez, Luis"]
[Result "1/2-1/2"]
[WhiteElo "1842"]
[BlackElo "2007"]
[WhiteFideId "5817501"]
[BlackFideId "24581160"]
[EventDate "2025.12.28"]

1. e4 c5 2. d4 cxd4 3. c3 dxc3 4. Nxc3 e6 5. Bc4 Nc6 6. Nf3 Nge7 7. Bg5 h6 8.
Bh4 g5 9. Bg3 Bg7 10. O-O a6 11. Nd5 exd5 12. exd5 O-O 13. dxc6 dxc6 14. Bd6 Be6
15. Bxe6 fxe6 16. Re1 Qd7 17. Bxe7 Qxe7 18. Qb3 Rfe8 19. Re2 Rad8 20. Rae1 Rd6
21. h3 Qf7 22. Qc4 e5 23. Qxf7+ Kxf7 24. Nd2 Rd5 25. b3 Red8 26. Ne4 Bf8 27. f3
Bb4 28. Rc1 Rd1+ 29. Rxd1 Rxd1+ 30. Kf2 Ke6 31. Rc2 Rd5 32. Ke2 Be7 33. a4 c5
34. g4 b6 35. Rd2 Rxd2+ 36. Kxd2 b5 37. Kd3 c4+ 38. bxc4 bxa4 39. Kc3 a5 40. Kb2
Bb4 41. Ka2 a3 42. Kb3 a4+ 43. Ka2 Kd7 44. Nf2 Kc6 45. Nd3 Bd6 46. Kb1 Kb6 47.
Ka2 Kc6 48. Kb1 1/2-1/2

[Event "Hastings Masters 2025-26"]
[Site "Hastings ENG"]
[Date "2025.12.29"]
[Round "2.35"]
[White "Kendall, Arthur"]
[Black "Kim, Changhoon"]
[Result "1-0"]
[BlackTitle "CM"]
[WhiteElo "2000"]
[BlackElo "1874"]
[WhiteFideId "343410960"]
[BlackFideId "34117234"]
[EventDate "2025.12.28"]

1. d4 d5 2. Nf3 Nf6 3. e3 e6 4. Bd3 c5 5. c3 Nc6 6. O-O Bd6 7. Nbd2 O-O 8. dxc5
Bxc5 9. b4 Bd6 10. b5 Ne5 11. Nxe5 Bxe5 12. Bb2 Bd7 13. Nf3 Bd6 14. c4 Qe7 15.
cxd5 exd5 16. Nd4 Qe5 17. g3 Bh3 18. Re1 Ne4 19. Rc1 Rac8 20. Re2 Qf6 21. Rec2
Rxc2 22. Rxc2 Be5 23. Qh5 Bd7 24. f4 Bb8 25. Qxd5 Nd6 26. e4 Qh6 27. e5 Be6 28.
Qf3 Nc8 29. Qxb7 Nb6 30. Ba3 Bd5 31. Qe7 g6 32. Qxf8+ Qxf8 33. Bxf8 Kxf8 34. a4
Bb7 35. a5 Nd7 36. a6 Bd5 37. Bc4 Be4 38. Re2 Nc5 39. Nc6 Bc7 40. Nxa7 Bf3 41.
Rf2 Ba8 42. Nc8 Nd7 43. Rd2 Nb6 44. Nxb6 Bxb6+ 45. Kf1 Ke7 46. Bd5 1-0

[Event "Hastings Masters 2025-26"]
[Site "Hastings ENG"]
[Date "2025.12.29"]
[Round "2.36"]
[White "Rayner, Francis"]
[Black "Venkatesh, Anuj"]
[Result "1-0"]
[WhiteElo "1983"]
[BlackElo "1825"]
[WhiteFideId "1800132"]
[BlackFideId "455636"]
[EventDate "2025.12.28"]

1. c4 Nf6 2. Nf3 e6 3. Nc3 d5 4. d4 c6 5. Bg5 Bb4 6. e3 Qa5 7. Bxf6 Bxc3+ 8.
bxc3 Qxc3+ 9. Nd2 gxf6 10. cxd5 exd5 11. Be2 Rg8 12. O-O Be6 13. Rb1 b5 14. Rc1
Qa3 15. Qc2 Rg7 16. Nb3 Qf8 17. Rfe1 Qd6 18. Na5 Bd7 19. Bf3 f5 20. Nb7 Qc7 21.
Nc5 Rg6 22. Nd3 Qd6 23. Nf4 Rh6 24. g3 Na6 25. Qd2 Nc7 26. Nd3 Rf6 27. Ne5 Ne6
28. h4 Nf8 29. Rc2 Ng6 30. Nd3 Ke7 31. h5 Nf8 32. Rec1 Ne6 33. Ne5 Ng5 34. Bg2
Rc8 35. Qa5 Qb8 36. a4 b4 37. Rb2 Ne4 38. Rxb4 Qc7 39. Qxc7 Rxc7 40. Rcb1 Bc8
41. Rb8 Nc3 42. Ra1 Rd6 43. Nd3 Ne4 44. Bf3 Nd2 45. Be2 Ba6 46. Nf4 Bxe2 47.
Nxe2 Rh6 48. Nf4 Ne4 49. Rab1 Rd6 50. Rh8 Nf6 51. Rbb8 Rcd7 52. a5 Rd8 53. Rb7+
R6d7 54. Rxd8 Kxd8 55. Rb8+ Kc7 56. Rb3 Rd8 57. Rc3 Rb8 58. Kg2 Rb5 59. Ra3 Kb7
60. Nd3 Nd7 61. Kf3 Ka6 62. Rc3 Kb7 63. Kf4 Rxa5 64. Kxf5 Rb5 65. Kg5 a5 66. Kh6
a4 67. Kxh7 Nf6+ 68. Kg7 Nxh5+ 69. Kxf7 Kb6 70. g4 Rb3 71. Rxb3+ axb3 72. gxh5
Kb5 73. h6 Kc4 74. Nb2+ Kc3 75. h7 Kxb2 76. h8=Q Kc2 77. Qc8 b2 78. Qxc6+ Kb1
79. Qxd5 Ka1 80. Qa5+ 1-0

[Event "Hastings Masters 2025-26"]
[Site "Hastings ENG"]
[Date "2025.12.29"]
[Round "2.37"]
[White "Ratcliffe, James"]
[Black "Ashton, Alannah"]
[Result "1/2-1/2"]
[BlackTitle "WCM"]
[WhiteElo "1845"]
[BlackElo "1983"]
[WhiteFideId "343432840"]
[BlackFideId "480681"]
[EventDate "2025.12.28"]

1. e4 c5 2. Nc3 Nc6 3. g3 g6 4. Bg2 Bg7 5. d3 d6 6. Nh3 e6 7. a4 Nge7 8. O-O b6
9. Nf4 Bb7 10. Re1 O-O 11. h4 h6 12. Nce2 Nd4 13. c3 Nxe2+ 14. Qxe2 a6 15. Bd2
Qd7 16. Ra2 Bc6 17. Rea1 Qb7 18. c4 Qd7 19. Bh3 Qb7 20. Bc3 d5 21. Bxg7 Kxg7 22.
Re1 d4 23. Bxe6 fxe6 24. Nxe6+ Kh7 25. Nxf8+ Rxf8 26. b3 Bd7 27. f4 Qc7 28. Qf3
Nc6 29. Qg2 Qc8 30. Kh2 Bg4 31. e5 Nb4 32. Rd2 Bf5 33. Qe2 Bg4 34. Qf1 Kg7 35.
Qg2 Bf5 36. Qe2 Bg4 37. Qe4 1/2-1/2

[Event "Hastings Masters 2025-26"]
[Site "Hastings ENG"]
[Date "2025.12.29"]
[Round "2.38"]
[White "Dewangan, Aayush"]
[Black "Vaidyanathan, Sathya"]
[Result "1-0"]
[WhiteElo "1981"]
[BlackElo "1842"]
[WhiteFideId "469700"]
[BlackFideId "490539"]
[EventDate "2025.12.28"]

1. e4 e5 2. Nf3 Nc6 3. d4 exd4 4. Bc4 Nf6 5. e5 d5 6. Bb5 Nd7 7. O-O Be7 8. Bxc6
bxc6 9. Nxd4 Nb8 10. Qf3 c5 11. Nb5 O-O 12. c4 Ba6 13. N1c3 c6 14. cxd5 cxb5 15.
d6 Nd7 16. dxe7 Qxe7 17. Nd5 Qd8 18. Qg3 Re8 19. Bg5 Qa5 20. Bf6 Nxf6 21. exf6
g6 22. Qg5 Kh8 23. Qh6 Rg8 24. Rfe1 Rad8 25. Ne7 Qb6 26. Qg5 Qd6 27. Nxg8 Kxg8
28. Qe5 Qxe5 29. Rxe5 h5 30. Rae1 Rd6 31. Re7 Rxf6 32. Rxa7 b4 33. Rd7 Bc4 34.
b3 Be6 35. Rc7 Rf5 36. Rc1 c4 37. bxc4 Ra5 38. Rb7 Rxa2 39. Rxb4 Kf8 40. c5 Ra8
41. c6 Ke7 42. c7 Rc8 43. Rb8 Kd7 44. Rxc8 Kxc8 45. f4 Bd7 46. Kf2 Kb7 47. Ke3
Bc6 48. Rxc6 1-0

[Event "Hastings Masters 2025-26"]
[Site "Hastings ENG"]
[Date "2025.12.29"]
[Round "2.39"]
[White "Saxena, Reyansh"]
[Black "Chapman, Luke"]
[Result "1-0"]
[WhiteElo "1641"]
[BlackElo "1976"]
[WhiteFideId "343423884"]
[BlackFideId "343416608"]
[EventDate "2025.12.28"]

1. e4 c5 2. Nf3 Nc6 3. d4 cxd4 4. Nxd4 e5 5. Nb5 d6 6. N1c3 a6 7. Na3 Be6 8. Be3
Rb8 9. Nd5 Bxd5 10. exd5 Nce7 11. c4 Nf5 12. Qa4+ Qd7 13. Qxd7+ Kxd7 14. Bd3
Nxe3 15. fxe3 g6 16. e4 Bg7 17. Rf1 f6 18. b4 f5 19. Rb1 Nh6 20. exf5 e4 21. f6
Bxf6 22. Rxf6 exd3 23. c5 Rhe8+ 24. Kd2 Re2+ 25. Kxd3 Rxa2 26. Rxd6+ Kc7 27. Nc4
Rf8 28. Re1 Nf5 29. Rb6 Rxg2 30. Na5 Rb8 31. d6+ Kd7 32. c6+ Kxd6 33. cxb7+ Kc7
34. Rc6+ Kd7 35. Rec1 Nd6 36. Rc7+ Kd8 37. Rxh7 Rxb7 38. Nxb7+ Nxb7 39. Rxb7
Rxh2 40. Rg1 Rh3+ 41. Kc4 Rh4+ 42. Kb3 1-0